000 01185nam a2200301 a 4500
001 1546
003 BD-RjUL
005 20211208233345.0
008 280716r20072003nyu 001 0 eng d
020 _a0415240328(hbk)
020 _a0415240336 (pbk.)
035 _a(BD-RjUL)1571
040 _aDLC
_cDLC
_dBD-RjUL
_beng
041 1 _aeng
_hara
082 0 0 _a297
_223
_bCLA 2007
245 0 0 _aClassical Islam :
_ba sourcebook of religious literature /
_cedited and translated by Norman Calder, Jawid Mojaddedi and Andrew Rippin.
260 _aNew York ;
_aLondon :
_bRoutledge,
_cc2003 [Printing 2007]
300 _ax, 275 p. ;
_c26 cm.
504 _aIncludes bibliographical references and index.
650 0 _aIslamic literature
_vSources.
_95110
650 0 _aIslamic literature
_xHistory and criticism.
_95111
700 1 _aCalder, Norman.
_95112
700 1 _aMojaddedi, J. A.
_q(Jawid Ahmad)
_95113
700 1 _aRippin, Andrew,
_d1950-
_95114
856 4 2 _3Publisher description
_uhttp://www.loc.gov/catdir/enhancements/fy0650/2003043132-d.html
856 4 2 _3Contributor biographical information
_uhttp://www.loc.gov/catdir/enhancements/fy1108/2003043132-b.html
942 _2ddc
_cBK
999 _c1546
_d1546